01632nam a2200361 a 4500001001000000003000500010005001700015008004100032010001100073011001100084040000900095090001000104100004500114245022500159260004100384500006000425502008600485590004000571590004000611590004000651590004000691650004800731650003200779650003400811650004200845856007000887901000700957942001000964942000600974999001900980952013600999952013501135000114028CHAP20220329144424.0171020s2017 mx a fsm |||||||spa d a110489 a111461 cCHAP aTesis1 aLópez Méndez, Ariadna Goreti913386210aObtención de plantas trasngénicas de tomate (Solanum lycopersicum L.) tolerantes a salinidad y sequía con el gen AtAVP1 codificante de la pirofosfatasa vacuolar /h[En línea]cpor Ariadna Goreti López Méndez. aChapingo, Méx. :bEl autor,c2017. aPara ver el contenido del material haga clic en la liga aTesis ( Agrónomo en Horticultura protegida) -- UACH. Departamento de Fitotecnia aE8697GMMb05c20171020lUCH01h1251 aE8697GMMb05c20171020lUCH01h1316 aE8697GMMb05c20171020lUCH01h1317 aE8697GMMb05c20171020lUCH01h150214aTomatexEnfermedades por bacterias.911371214aTomatexGenética.911372614aTomatexMejoramiento.911373714aTomatexResistencia a sequia.9113762 aFinding aiduhttp://10.13.5.2/tesis/sist114028.pdfzTeclea aquí aBK cTESIS n0 c110489d110489 00102ddc4054718TESISaBCbBCd2017-10-20fTESISl0oTesisp114029-10r2019-12-31 00:00:00w2019-12-31yTESISzRecien adquirido 00102local4053708TESISaBCbBCcPA_TESISd2017-10-20fTESISl0oTesisp114029-20r2019-12-31 00:00:00tc.2w2019-12-31yTESIS